00253nam a2200097Ia 4500008004100000100002000041245004400061260003300105300000900138650000800147191201s2011 xx 000 0 und d aMUKHERJEE, H.K. 0aGeneral & Commercial Law Module paper-1 aN. DelhibRoshan Lodhac2011 aMise aMBA